Simulátor meracieho prevodníka
Saved in:
| Main Author: | |
|---|---|
| Other Authors: | |
| Format: | Manuscript Book |
| Language: | Slovak |
| Published: |
Bratislava :
STU v Bratislave FEI,
2022
|
| Subjects: | |
| Online Access: | https://opac.crzp.sk/?fn=detailBiblioForm&sid=2990E1F3D3E255467B8D3959E9F3&seo=CRZP-detail-kniha |
| Tags: |
No Tags, Be the first to tag this record!
|
MARC
| LEADER | 00000ntm a22000003a 4500 | ||
|---|---|---|---|
| 001 | stuzp86310 | ||
| 003 | SK-STU | ||
| 005 | 20221121132551.3 | ||
| 007 | ta | ||
| 008 | 150427s2015----xo-----f-mn---000-0-slo-d | ||
| 040 | |a STU |b slo | ||
| 041 | 0 | |a slo | |
| 044 | |a xo | ||
| 100 | 1 | |a Jánošík, Matej |u 034000 |4 aut |U FEI Fakulta elektrotechniky a informatiky |T FEI Ústav elektrotechniky |X 92402 |U E040 |Y 550 |7 92402 | |
| 242 | 0 | 1 | |a Measuring transducer simulator |y eng |
| 245 | 1 | 0 | |a Simulátor meracieho prevodníka |
| 260 | |a Bratislava : |b STU v Bratislave FEI, |c 2022 | ||
| 300 | |a 76 s. | ||
| 650 | 4 | |a merací prevodník |2 slo | |
| 650 | 4 | |a Arduino |2 slo | |
| 650 | 4 | |a chyby prevodníka |2 slo | |
| 650 | 4 | |a simulátor chýb |2 slo | |
| 650 | 4 | |a measuring transducer |2 eng | |
| 650 | 4 | |a Arduino |2 eng | |
| 650 | 4 | |a transducer errors |2 eng | |
| 650 | 4 | |a errors simulator |2 eng | |
| 700 | 1 | |a Bittera, Mikuláš |u 034000 |k Z1 |4 ths |U FEI Fakulta elektrotechniky a informatiky |T FEI Ústav elektrotechniky |X 1777 |U E040 |Y 550 |7 A000001777 | |
| 856 | 4 | |u https://opac.crzp.sk/?fn=detailBiblioForm&sid=2990E1F3D3E255467B8D3959E9F3&seo=CRZP-detail-kniha | |